Every Leap Year in the 21st Century - Statistics

General Stats
  • This quiz has been taken 195 times
  • The average score is 10 of 24
Answer Stats
Leap Year % Correct
2012
96%
2008
95%
2004
94%
2016
94%
2020
94%
2024
86%
2028
76%
2032
67%
2036
58%
2040
50%
2044
45%
2048
37%
2052
32%
2056
27%
2060
26%
2064
17%
2068
13%
2072
8%
2080
7%
2076
6%
2084
5%
2088
4%
2092
3%
2096
2%
No matching quizzes found
Score Distribution
Percent of People with Each Score
Percentile by Number Answered
Your Score History
You have not taken this quiz